000 02384nam a22002657a 4500
005 20240607082316.0
008 130419s1786||||sp ||||fr|||||001|0|spa|d
040 _aCo-BoUCM
_bspa
_cSandra Yazo (modificó)
_dSandra Yazo (modificó)
041 0 _alat
082 0 4 _a340.56
_220
092 _aE53N075
100 1 _aJordán de Assó y del Río, Ignacio
_d1742-1804
_9181236
245 1 0 _aInstituciones del Derecho Civil de Castilla
_cpor ... Ignacio Jordán de Asso y del Río y Miguel de Manuel y Rodríguez
250 _aEdición quarta,
_bcorregida notablemente y aumentada la parte histórica
260 _aMadrid (España)
_bExcudebat Mathias Gastius [En los talleres de Matías Gast]
_c1786
300 _a[12], cxxvi, 336 páginas
_c20 x 15 cm.
500 _aDetalles físicos: Encuadernación rígida en pergamino, en regular estado de conservación. Conserva la portada impresa en una sola tinta con grabado del editor, cortado al final de la página. Primer y segundo cuadernillo desprendido. Índice. Texto impreso en una sola columna, con diferentes tipos y tamaños de letra. Mayúsculas capitales. Apostillas marginales impresas. Signaturas y reclamos. Ejemplar desencuadernado. Sin guardas. Papel con manchas de oxidación. Ejemplar mútilo. En portada firma: “Dr. Joaquín Cardoso. 1794”
505 0 _aLibro I - II: Estado natural de las personas ; Tutela y Curaduría ; Obligaciones de tutores y curadores ; Estado civil de las personas ; Desposorio y Matrimonio ; Dotes, arras, donadíos y ganancias ;Diferencia de hijos ; Patria potestad ; Libro II: División de las cosas ; Dominio y sus clases ; Modos de adquisición ; Testamentos ; Herencias ; Entrega y partición de la herencia ; Sustituciones, mayorazgos y legados ; Servidumbres ; Prendas, hipotecas y censos ; Obligaciones ; Pactos ; Donaciones ; Depósito o préstamo ; Mandamiento ; Compra y venta -- Jurisdicción y jueces ; Fueros y Competencias ; Actor, reo, procurador y abogado ; Acciones y demandas ; Citación y contestación ; Excepciones ; Pruebas y sentencia ; Apelación y suplicación ; Los juicios criminales…
506 _aConsulta en sala.
650 7 _aDerecho civil
_zEspaña
_938004
650 7 _aDerecho español
_912765
690 _aDerecho civil
_912711
700 _aManuel y Rodríguez, Miguel de,
_d1741-1798
_9181237
942 _cLIBRO
_e4
_a8
_2LOCAL
_hE53N075
999 _c324325
_d324325